Käse-Bilderquiz - Statistiken

Allgemein
  • Dieses Quiz wurde 104 mal gespielt
  • Das Durchschnittsergebnis liegt bei 10 aus 16
Antwortstatistiken
Bildquiz Hint Antwort % Korrekt
Italien Mozzarella
98%
Griechenland Feta
97%
Italien Parmesan
96%
Niederlande Gouda
85%
Frankreich Camembert
81%
Frankreich Brie
80%
Schweiz Emmentaler
80%
Italien Gorgonzola
64%
Vereinigtes Königreich Cheddar
59%
Deutschland Harzer Käse
57%
Zypern Haloumi
43%
Dänemark Esrom
33%
Italien Ricotta
30%
Schweiz Gruyere
28%
Indien Panir
17%
Belgien Limburger
12%
Keine übereinstimmenden Quizze gefunden
Verteilung der Resultate
Anzahl Personen mit jedem Resultat
Perzentil nach korrekt beantworteten Fragen
Ihre Resultats-Entwicklung
Sie haben dieses Quiz noch nicht gespielt